000 01094cam a2200289 i 4500
001 1748856
003 ARRUPE
005 20220519112315.0
008 750612r19701968nyu b 001 0 eng
010 _a 75316609
020 _a0671484028
040 _aDLC
_cDLC
_dDLC
043 _an-us---
050 0 0 _aE184.6
_b.B5 1970
082 0 0 _a323.1/19/6073
130 0 _aCivil rights and the American Negro.
_951661
245 1 0 _aCivil rights and the Black American :
_ba documentary history /
_cedited by Albert P. Blaustein and Robert L. Zangrando.
260 _aNew York :
_bWashington Square Press : distributed by Simon & Schuster,
_c1970, c1968.
300 _axv, 671 p. ;
_c18 cm.
500 _aPublished in 1968 under title: Civil rights and the American Negro.
504 _aIncludes bibliographical references and index.
650 0 _aAfrican Americans
_xCivil rights
_xHistory
_vSources.
_951662
700 1 _aBlaustein, Albert P.,
_d1921-1994.
_951663
700 1 _aZangrando, Robert L.
_951664
906 _a7
_bcbc
_corignew
_d2
_encip
_f19
_gy-gencatlg
942 _2lcc
_cMONOGRAPH
999 _c131457
_d131457